LEADER 01352nam--2200397---450- 001 990003642260203316 005 20120322130024.0 010 $a88-14-16416-9 035 $a000364226 035 $aUSA01000364226 035 $a(ALEPH)000364226USA01 035 $a000364226 100 $a20120322d2011----km-y0itay50------ba 101 $aita 102 $aIT 105 $a||||||||001yy 200 1 $aReati tributari : documenti e pagamenti di imposte$e(aggiornato al D.L. n. 138/2011 convertito dalla Legge n. 148/2011)$efatture per operazioni inesistenti : concorso di persone nel reato ...$fdi Nunzio Santi Di Paola 210 $aMilano$cGiuffrè$d2011 215 $a136 p.$d28 cm 225 2 $aOfficina del diritto 410 0$1001000359355$aOfficina del diritto 454 1$12001 461 1$1001-------$12001 606 0 $aReati fiscali$2BNCF 676 $a345.450233 700 1$aSANTI DI PAOLA,$bNunzio$0475207 801 0$aIT$bsalbc$gISBD 912 $a990003642260203316 951 $aXXVI.1. Coll. 12/ 199$b72997 G.$cXXVI.1. Coll. 12/$d00308642 959 $aBK 969 $aGIU 979 $aFIORELLA$b90$c20120322$lUSA01$h1250 979 $aFIORELLA$b90$c20120322$lUSA01$h1259 979 $aFIORELLA$b90$c20120322$lUSA01$h1300 996 $aReati tributari : documenti e pagamenti di imposte$91138140 997 $aUNISA